Un pueblecito Riofrio de Avila
Guardat en:
| Autor principal: | |
|---|---|
| Format: | Llibre |
| Idioma: | espanyol |
| Publicat: |
Madrid
Caro Raggio
1927
|
| Col·lecció: | Obras Completas, 17
|
| Matèries: | |
| Etiquetes: |
Afegir etiqueta
Sense etiquetes, Sigues el primer a etiquetar aquest registre!
|
MARC
| LEADER | 00000nam a2200000 a 4500 | ||
|---|---|---|---|
| 001 | UCY9245 | ||
| 003 | CL-VaPUC | ||
| 008 | 950713e19270000SP |||||||||||||||||spa|d | ||
| 082 | 0 | 4 | |a 863 |b AZO |2 21 |
| 100 | |a Azorín |e autor |q Martínez Ruiz, José |9 863023 | ||
| 245 | 1 | 3 | |a Un pueblecito Riofrio de Avila |
| 300 | |a 171 p | ||
| 942 | |c BK | ||
| 945 | |d 19950713 00:00:00 |a rbrito | ||
| 260 | |a Madrid |b Caro Raggio |c 1927 | ||
| 650 | 0 | |a Novelas españolas |9 265052 | |
| 583 | |a last modification |c 19950713 00:00:00 |k Rodrigo Vera | ||
| 490 | 0 | |a Obras Completas, 17 | |
| 999 | |c 236370 |d 236368 | ||
| 952 | |0 0 |1 0 |4 0 |6 863_000000000000000_AZO_1927 |7 0 |8 A |9 244427 |a BIBEDU |b BIBEDU |d 2019-11-18 |i 3101649 |o 863 AZO 1927 |p 3101649 |r 2019-11-18 |w 2019-11-18 |y BK |k LIT | ||